Country Match: Goalkeepers and Scorers (EPL) Quiz Stats

 Plays Quiz not verified by Sporcle

Score 0/36 Timer 10:00
2 Plays Today
% Correct
David James
88.4%
Tim Howard
87.5%
Hugo Lloris
87.3%
Edwin van der Sar
86.8%
Pepe Reina
85.8%
Jens Lehmann
85.3%
Peter Schmeichel
83.1%
Simon Mignolet
82.7%
Shay Given
81.9%
Claudio Bravo
80.7%
Heurelho Gomes
77.8%
Mark Schwarzer
76%
Łukasz Fabiański
74.2%
Asmir Begović
72.6%
Hilário
71.7%
Vito Mannone
70.5%
Neville Southall
69.3%
David Ospina
67.1%
% Correct
Petr Čech
64.1%
Jussi Jääskeläinen
63%
Orestis Karnezis
62.2%
Neil Sullivan
60.8%
Julián Speroni
60.8%
Shaka Hislop
60.1%
Magnus Hedman
58.5%
Alex Manninger
54.3%
Gábor Király
53.7%
Costel Pantilimon
53.4%
Maik Taylor
47.5%
Bruce Grobbelaar
45.3%
Richard Kingson
43.4%
Thomas Myhre
43.4%
Dmitri Kharine
42.2%
Mart Poom
41.8%
Martin Dúbravka
32.1%
Eldin Jakupovic
30.5%

You're not logged in!

Compare scores with friends on all Sporcle quizzes.
OR
Log In

Show Comments

Extras

Top Quizzes Today


Score Distribution

Your Account Isn't Verified!

In order to create a playlist on Sporcle, you need to verify the email address you used during registration. Go to your Sporcle Settings to finish the process.

Report this User

Report this user for behavior that violates our Community Guidelines.

Details: